Turkey Football Team World Cup Starting XI - Statistics

General Stats
  • This quiz has been taken 159 times
  • The average score is 5 of 22
Answer Stats
Player % Correct
Hakan Şükür
90%
Rüştü Reçber
59%
Hasan Şaş
49%
Emre Belözoğlu
47%
Ümit Davala
35%
Bülent Korkmaz
33%
Alpay Özalan
30%
Yıldıray Baştürk
30%
Ergün Penbe
20%
Fatih Akyel
18%
Tugay Kerimoğlu
17%
Lefter Küçükandonyadis
11%
Turgay Şeren
8%
Mustafa Ertan
4%
Suat Mamat
4%
Basri Dirimlili
3%
Çetin Zeybek
3%
Erol Keskin
3%
Feridun Buğeker
3%
Rıdvan Bolatlı
3%
Rober Eryol
3%
Burhan Sargun
2%
No matching quizzes found
Score Distribution
Percent of People with Each Score
Percentile by Number Answered
Your Score History
You have not taken this quiz